|
|
|
|
| LEADER |
00000nam a22000007a 4500 |
| 005 |
20170709232647.0 |
| 007 |
cr|||| |||| |
| 008 |
170709s2017 mx |||||s|||| 00||0 spa d |
| 020 |
|
|
|a 978-607-406-925-9
|
| 035 |
|
|
|a 20399
|
| 040 |
|
|
|a vLex
|
| 090 |
|
|
|c 6809
|d 6809
|
| 100 |
1 |
|
|a Hernǹdez Rodrg̕uez, Jess︢
|
| 245 |
1 |
0 |
|a Estudio practico de la contabilidad electrn̤ica 2017
|h [Recurso electrn̤ico] /
|c Jess︢ Hernǹdez Rodrg̕uez, Mn̤ica Isela Galindo Cosme
|
| 256 |
|
|
|a Servicio en ln̕ea
|
| 260 |
|
|
|a Mx̌ico DF:
|b Ediciones Fiscales ISEF,
|c 2017
|
| 300 |
|
|
|a 1 recurso electrn̤ico
|
| 500 |
|
|
|a El objetivo de este libro, ESTUDIO PRℓCTICO DE LA CONTABILIDAD ELECTRÓNICA, es dar a conocer a los contribuyentes, contadores y personas interesadas en la materia contable los elementos con que cada parte cuenta para llevar a cabo el cumplimiento de las obligaciones establecidas en el CFF con respecto a la contabilidad electrn̤ica; la autoridad para revisar y el contribuyente para evitar caer en violaciones que le llevan a pagar diferencias, multas, accesorios o consecuencias mayores.
|
| 506 |
1 |
|
|a Disponible solo en los productos indicados
|d vLex Global
|d vLex Global (Academic Edition, excluding Law Schools)
|d vLex Global (U.S. Academic Edition, Law Schools)
|d vLex Global (U.S. Academic Edition, excluding Law Schools)
|d vLex Global (Academic Edition, Law Schools)
|
| 650 |
0 |
4 |
|a Derecho Mercantil y de la Empresa
|z Mx̌ico
|
| 650 |
0 |
4 |
|a Contabilidad
|z Mx̌ico
|
| 700 |
1 |
|
|a Galindo Cosme, Mn̤ica Isela
|
| 740 |
0 |
|
|a vLex Libros (Servicio en ln̕ea)
|
| 856 |
4 |
0 |
|u http://vlex.com/source/estudio-practico-de-la-contabilidad-electronica-2017-20399
|z Acceso restringido
|
| 942 |
|
|
|c BOOK
|
| 999 |
0 |
|
|a Commercial and Company Law
|
| 999 |
0 |
|
|a Accounting
|